Hodnotenie úverového rizika pri poskytovaní úverov firemnej klientele vo vybranej banke diplomová práca

Gespeichert in:
Bibliographische Detailangaben
1. Verfasser: Becker, Andrea
Körperschaft: Národohospodárska fakulta EU. Katedra bankovníctva a medzinárodných financií
Weitere Verfasser: Vovk, Martin, 1976-
Format: Buch
Sprache:Slowakisch
Veröffentlicht: Bratislava 2011
Tags: Tag hinzufügen
Keine Tags, Fügen Sie das erste Tag hinzu!

MARC

LEADER 00000nbm a2200000 4500
001 0130586
005 20161109101552.3
041 0 |a slo 
044 |a SK 
245 1 0 |a Hodnotenie úverového rizika pri poskytovaní úverov firemnej klientele vo vybranej banke  |b diplomová práca  |c Andrea Becker ; školiteľ: Martin Vovk 
264 1 |a Bratislava  |c 2011 
300 |a 67 s. 
100 1 |a Becker, Andrea 
700 1 |a Vovk, Martin, 1976- 
710 2 |a Národohospodárska fakulta EU. Katedra bankovníctva a medzinárodných financií